Normal view
MARC view
- Bala, B. K
Entry Personal Name
001 - CONTROL NUMBER
- control field: 74457
003 - CONTROL NUMBER IDENTIFIER
- control field: NUST
005 - DATE AND TIME OF LATEST TRANSACTION
- control field: 20210628205224.0
008 - FIXED-LENGTH DATA ELEMENTS
- fixed length control field: 210628|| aca||aabn | a|a d
040 ## - CATALOGING SOURCE
- Original cataloging agency: NUST
- Transcribing agency: NUST
100 ## - HEADING--PERSONAL NAME
- Personal name: Bala, B. K
670 ## - SOURCE DATA FOUND
- Source citation: Work cat.: (NUST): Bala, B. K, Solar drying systems simulation and optiization, 1998
